| 000 | 00794cam a2200241 a 4500 | ||
|---|---|---|---|
| 001 | 000005906 | ||
| 005 | 20200929151832.0 | ||
| 008 | 741213s1998 sp b 001 0 spa | ||
| 020 | _a8420635154 | ||
| 040 |
_bspa _aDO-SdBNP |
||
| 082 |
_a980 _bH195 |
||
| 100 | 1 |
_aHalperín Donghi, Tulio, _d1926- _916657 |
|
| 245 | 1 | 0 |
_aHistoria contemporánea de América Latina / _cTulio Halperín Donghi. |
| 260 |
_aMadrid : _bAlianza, _c1998. |
||
| 300 |
_a750 p. ; _c18 cm. |
||
| 490 | 1 | _aEl Libro de bolsillo | |
| 490 | 1 | _aHumanidades | |
| 504 | _aIncluye referencias bibliográficas p: (741) | ||
| 651 | 4 |
_aAmérica Latina _xHistoria _91786 |
|
| 651 | 4 |
_aAmérica Latina _xCondiciones Sociales _95034 |
|
| 830 | 3 |
_aEl libro de bolsillo ; _pHumanidedes. _916658 |
|
| 910 | _aCatalogación por copia /LC | ||
| 999 |
_c5702 _d5702 |
||